000
00337nam a2200157Ia 4500
100
_a
Koontz/Harold
250
_a
7
942
_c
BK
366
_f
20
654
_a
management
245
_a
Essentials Of Management
260
_b
Tata Mc Graw hill Ltd.
_a
New Delhi
_c
2007
082
_a
658/KOO
_b
KOO
546
_a
ENGLISH
999
_c
24624
_d
24624